El electrón es zurdo y otros ensayos científicos / (Registro nro. 12783)
[ vista simple ]
| 000 -LIDER | |
|---|---|
| fixed length control field | 00655nam a22002177a 4500 |
| 003 - IDENTIFICACDOR DE NÚMERO DE CONTROL | |
| control field | DO-SdBNP |
| 005 - DATE AND TIME OF LATEST TRANSACTION | |
| control field | 20171205131858.0 |
| 008 - ELEMENTOS DE LONGITUD FIJA | |
| fixed length control field | 171108b 1979||| |||| 00| 0 spa d |
| 020 ## - ISBN | |
| International Standard Book Number | 8420616532 |
| 040 ## - FUENTE DE CATALOGACIÓN | |
| Agencia que crea de manera original el registro | BPMSU |
| Idioma de catalogación | spa |
| Agencia que realiza la transcripción | BPMSU |
| 082 ## - NÚMERO DE CLASIFICACIÓN DECIMAL DE DEWEY | |
| Classification number | xxxxxxx |
| Item number | xxxxxxx |
| 100 1# - ASIENTO PRINCIPAL -- NOMBRE PERSONAL | |
| Nombre personal | Asimov, Isaac |
| 245 13 - MENCIÓN DE TITULO | |
| Título | El electrón es zurdo y otros ensayos científicos / |
| Mención de responsabilidad | Isaac Asimov ; traducción Francisco Morán Samaniego |
| 250 ## - MENCIÓN DE EDICION | |
| Mención de edición | 2a ed. |
| 260 ## - PUBLICACIÓN, DISTRIBUCIÓN, ETC. (PIE DE IMPRENTA) | |
| Lugar de publicación, distribución, etc | Madrid : |
| Nombre del editor, distribuidor, etc. | Alianza ; |
| Fecha de publicación, distribución, etc | 1979. |
| 300 ## - DESCRIPCIÓN FÍSICA | |
| Materiales especificados | 250 p. ; |
| Dimensiones | 18 cm. |
| 700 1# - ASIENTO SECUNDARIO -- NOMBRE PERSONAL | |
| Nombre personal | Morán Samaniego, |
| Mención de responsabilidad | tr. |
| 942 ## - ADDED ENTRY ELEMENTS (KOHA) | |
| Source of classification or shelving scheme | Dewey Decimal Classification |
| Koha item type | Libros |
| 945 ## - INFORMACIÓN DE PROCESAMIENTO LOCAL | |
| Información de procesamiento local | inventariado extranjero / DG |
| 956 ## - LOCAL ELECTRONIC LOCATION AND ACCESS (OCLC) | |
| Nombre de host | BTAVAREZ |
| Número de acceso | 10 |
| Información de compresión | 20171108 |
| Trayectoria | 0038 |
| Withdrawn status | Lost status | Source of classification or shelving scheme | Damaged status | Not for loan | Collection code | Home library | Current library | Date acquired | Total Checkouts | Full call number | Barcode | Date last seen | Price effective from | Koha item type |
|---|---|---|---|---|---|---|---|---|---|---|---|---|---|---|
| Dewey Decimal Classification | Colección General | Biblioteca Pública Metropolitana Salomé Ureña | Biblioteca Pública Metropolitana Salomé Ureña | 11/08/2017 | xxxxxxx xxxxxxx | BPMSU17110070 | 11/08/2017 | 11/08/2017 | Libros |